Water efficiency in new buildings (Record no. 107493)

MARC details
000 -LEADER
fixed length control field 01578cad a22002535a 4500
001 - CONTROL NUMBER
control field L140369
008 - FIXED-LENGTH DATA ELEMENTS--GENERAL INFORMATION
fixed length control field 070919s2007 xxk f f000 0 eng d
035 ## - SYSTEM CONTROL NUMBER
System control number (Sirsi) u140369
041 0# - LANGUAGE CODE
Language code of text/sound track or separate title eng
050 04 - LIBRARY OF CONGRESS CALL NUMBER
Classification number 696.1 $2 18
110 1# - MAIN ENTRY--CORPORATE NAME
Corporate name or jurisdiction name as entry element United Kingdom
Subordinate unit Department for Communities and Local Government
9 (RLIN) 4939
245 00 - TITLE STATEMENT
Title Water efficiency in new buildings
Remainder of title a joint Defra and Communities and Local Government policy statement
Medium [electronic resource]
260 ## - PUBLICATION, DISTRIBUTION, ETC.
Place of publication, distribution, etc. London
Name of publisher, distributor, etc. DCLG
Date of publication, distribution, etc. 2007
520 ## - SUMMARY, ETC.
Summary, etc. Summarises the key issues brought up in the responses to the consultation "Water efficiency in new buildings" (L135934), and outlines government's proposals to implement minimum standards of water efficiency in new homes and new workplaces. These include amending the Building Regulations in 2008 to set a whole building performance standard for homes at 125 l/p/d and revising the Water Supply (Water Fittings) Regulations 1999 to set new performance standards for key fittings.
590 ## - LOCAL NOTE (RLIN)
Local note KA
650 24 - SUBJECT ADDED ENTRY--TOPICAL TERM
Topical term or geographic name entry element WATER SUPPLY (WATER FITTINGS) REGULATIONS 1999
650 24 - SUBJECT ADDED ENTRY--TOPICAL TERM
Topical term or geographic name entry element BUILDING REGULATIONS 2000
651 #4 - SUBJECT ADDED ENTRY--GEOGRAPHIC NAME
Geographic name England and Wales
Chronological subdivision 1543-
690 ## - LOCAL SUBJECT ADDED ENTRY--TOPICAL TERM (OCLC, RLIN)
Topical term or geographic name as entry element BUILT ENVIRONMENT-BUILDING ELEMENTS-COMPLETE BUILDING SERVICES ELEMENTS-COMPLETE WATER SUPPLY SYSTEMS
690 ## - LOCAL SUBJECT ADDED ENTRY--TOPICAL TERM (OCLC, RLIN)
Topical term or geographic name as entry element BUILT ENVIRONMENT-BUILDING STANDARDS
710 2# - ADDED ENTRY--CORPORATE NAME
Corporate name or jurisdiction name as entry element United Kingdom
Subordinate unit Department for Environment, Food and Rural Affairs
856 40 - ELECTRONIC LOCATION AND ACCESS
Uniform Resource Identifier <a href="https://www.communities.gov.uk/documents/planningandbuilding/pdf/WaterEfficiencyNewBuildings.pdf">https://www.communities.gov.uk/documents/planningandbuilding/pdf/WaterEfficiencyNewBuildings.pdf</a>
Public note View the item free of charge at www.communities.gov.uk...
942 ## - ADDED ENTRY ELEMENTS (KOHA)
Suppress in OPAC 0
Holdings
Withdrawn status Lost status Source of classification or shelving scheme Damaged status Not for loan Home library Current library Shelving location Date acquired Total Checkouts Full call number Barcode Date last seen Copy number Price effective from Koha item type
    Dewey Decimal Classification     Virtual Virtual Online 19/09/2007   ONLINE PUBLICATION 140369-2001 06/08/2019 1 06/08/2019 Book